| 000 | 02760ata a2201081 4500 | ||
|---|---|---|---|
| 005 | 20251107165207.0 | ||
| 008 | 150515b2007 xxu||||| |||| 00| 0 spa d | ||
| 020 | _a848259284X | ||
| 041 | _aESP | ||
| 082 | _a510 C569c | ||
| 245 | _aCiencias matemáticas | ||
| 260 | _aEspaña | ||
| 260 | _bEdiciones Nauta | ||
| 260 | _c2007 | ||
| 300 | _a381 páginas | ||
| 490 | _aTemática General | ||
| 650 | _aMATEMÁTICA | ||
| 650 | _aARITMÉTICA | ||
| 650 | _aÁLGEBRA | ||
| 650 | _aGEOMETRÍA | ||
| 650 | _aTRIGONOMETRÍA | ||
| 650 | _aPROBABILIDAD | ||
| 650 | _aESTADÍSTICA | ||
| 650 | _aNÚMEROS RACIONALES | ||
| 650 | _aDIVISIBILIDAD | ||
| 650 | _aNÚMEROS REALES | ||
| 650 | _aSISTEMAS DE NUMERACIÓN | ||
| 650 | _aCÁLCULOS APROXIMADOS | ||
| 650 | _aGEOMETRÍA ANALÍTICA | ||
| 650 | _aECUACIONES | ||
| 650 | _aINECUACIONES | ||
| 650 | _aRAZONES TRIGONOMÉTRICAS | ||
| 650 | _aRELACIONES | ||
| 650 | _aTABLAS TRIGONOMÉTRICAS | ||
| 650 | _aFÓRMULAS | ||
| 650 | _aAPLICACIONES DE LA TRIGONOMETRÍA | ||
| 650 | _aFUNCIONES TRIGONOMÉTRICAS | ||
| 650 | _aSUCESIONES | ||
| 650 | _aLIMITADAS | ||
| 650 | _aDERIVADAS | ||
| 650 | _aDIFERENCIALES | ||
| 650 | _aCÁLCULO INTEGRAL | ||
| 650 | _aCÁLCULO DE PROBABILIDADES | ||
| 650 | _aLEYES DE PROBABILIDAD | ||
| 650 | _aREPRESENTACION GRÁFICA | ||
| 650 | _aAPROXIMACIÓN | ||
| 650 | _aCOMBINATORIA | ||
| 650 | _aCONJUNTOS | ||
| 650 | _aNÚMEROS | ||
| 650 | _aIGUALDAD | ||
| 650 | _aDESIGUALDAD | ||
| 650 | _aNÚMEROS NATURALES | ||
| 650 | _aNUMEROS ENTEROS | ||
| 650 | _aPOTENCIAS | ||
| 650 | _aEXPONENTES | ||
| 650 | _aFRACCIONES | ||
| 650 | _aNÚMEROS PRIMOS | ||
| 650 | _aNUMEROS COMPUESTOS | ||
| 650 | _aPOTENCIACIÓN | ||
| 650 | _aRADICACIÓN | ||
| 650 | _aLOGARITMOS | ||
| 650 | _aINSTRUMENTOS DE CÁLCULO | ||
| 650 | _aRAZONES | ||
| 650 | _aPROPORCIONES | ||
| 650 | _aREGLA DE TRES | ||
| 650 | _aPROGRESIONES ARITMÉTICAS | ||
| 650 | _aPROGRESIONES GEOMÉTRICAS | ||
| 650 | _aEXPRESIONES ÁLGEBRAICAS | ||
| 650 | _aPOLINOMIOS | ||
| 650 | _aFUNCIONES POLINÓMICAS | ||
| 650 | _aFRACCIONES POLINÓMICAS | ||
| 650 | _aGEOMETRÍA SINTÉTICA | ||
| 650 | _aÁNGULOS | ||
| 650 | _aPOLÍGONOS | ||
| 650 | _aTRIÁNGULOS | ||
| 650 | _aAREAS DE LOS POLÍGONOS | ||
| 650 | _aCÁLCULO DE PROBABILIDADES | ||
| 650 | _aLEYES DE PROBABILIDAD | ||
| 650 | _aVARIABLES DISCRETAS | ||
| 650 | _aVARIABLES CONTINUAS | ||
| 650 | _aMEDIDAS DE TENDENCIA | ||
| 650 | _aMODA | ||
| 650 | _aMEDIANA | ||
| 650 | _aMEDIA ARITMÉTICA | ||
| 650 | _aDIAGRAMA | ||
| 650 | _aHISTOGRAMA | ||
| 942 |
_cBK _2ddc |
||
| 999 |
_c5535 _d5535 |
||